000
002840000a22000970004500
100
1
_a
Nicol, George G.
245
1
0
_a
The narrative structure and interpretation of Genesis 26:1-33
300
_a
Vol. 46, Num. 3 (Julio, 1996), Páginas 339-360
773
0
_t
Vetus Testamentum
942
_c
ANA
999
_c
58041
_d
58041